Tesauro diksiyunaryo Ingles-Pilipino, 1946. (Record no. 86376)

MARC details
000 -LEADER
fixed length control field 00927cam a22002771a 4500
001 - CONTROL NUMBER
control field sa 68015297
003 - CONTROL NUMBER IDENTIFIER
control field DLC
005 - DATE AND TIME OF LATEST TRANSACTION
control field 20260227112642.0
008 - FIXED-LENGTH DATA ELEMENTS--GENERAL INFORMATION
fixed length control field 950316s1966 ph d 000 0 tgl
010 ## - LIBRARY OF CONGRESS CONTROL NUMBER
LC control number sa 68015297
035 ## - SYSTEM CONTROL NUMBER
System control number (OCoLC)32158707
040 ## - CATALOGING SOURCE
Original cataloging agency DLC
Transcribing agency WU
Modifying agency DLC
041 0# - LANGUAGE CODE
Language code of text/sound track or separate title tageng
050 00 - LIBRARY OF CONGRESS CALL NUMBER
Classification number PL6056
Item number .P32 1966
100 1# - MAIN ENTRY--PERSONAL NAME
Personal name Panganiban, José Villa.
245 10 - TITLE STATEMENT
Title Tesauro diksiyunaryo Ingles-Pilipino, 1946.
246 21 - VARYING FORM OF TITLE
Title proper/short title Thesaurus dictionary, English-Pilipino
250 ## - EDITION STATEMENT
Edition statement 1st ed.
260 ## - PUBLICATION, DISTRIBUTION, ETC.
Place of publication, distribution, etc. San Juan, Rizal :
Name of publisher, distributor, etc. Limbagang Pilipino,
Date of publication, distribution, etc. 1966.
300 ## - PHYSICAL DESCRIPTION
Extent ii, 1363 p., v ;
Dimensions 28 cm.
546 ## - LANGUAGE NOTE
Language note Tagalog and English.
650 #0 - SUBJECT ADDED ENTRY--TOPICAL TERM
Topical term or geographic name entry element English language
General subdivision Dictionaries
-- Tagalog.
650 #0 - SUBJECT ADDED ENTRY--TOPICAL TERM
Topical term or geographic name entry element English language
General subdivision Synonyms and antonyms
-- Dictionaries
-- Tagalog.
650 #0 - SUBJECT ADDED ENTRY--TOPICAL TERM
Topical term or geographic name entry element Tagalog language
General subdivision Synonyms and antonyms
-- Dictionaries
-- English.
650 #0 - SUBJECT ADDED ENTRY--TOPICAL TERM
Topical term or geographic name entry element Tagalog language
General subdivision Glossaries, vocabularies, etc.

No items available.

Powered by Koha